| 000 | 00428nam a2200181Ia 4500 | ||
|---|---|---|---|
| 001 | 70800 | ||
| 008 | 160226s9999 xx 000 0 und d | ||
| 020 | _a9781292075983 | ||
| 040 | _cPK-LaUMT | ||
| 082 |
_a 621.3815 _bFLO-D |
||
| 100 | _aFloyd, Thomas L. | ||
| 245 |
_aDigital fundamentals _cFloyd, Thomas L. |
||
| 250 | _a11th | ||
| 260 |
_aBoston,USA: _bPearson, _c2015 |
||
| 300 | _a853 p. | ||
| 546 | _aEN | ||
| 942 | _cBK | ||
| 999 |
_c83240 _d83240 |
||